00239 a2200121 4500001000700000020000600007040001100013100001900024240002900043245002400072362000900096440001200105172188 a  cMagnum aFrança, Mary10aNem aqui, nem ali !lpor10aNem aqui, nem ali !0 a1899 1aÁtica